| 000 | 00455nam a2200193Ia 4500 | ||
|---|---|---|---|
| 005 | 20240823040537.0 | ||
| 008 | 240823s9999||||xx |||||||||||||| ||und|| | ||
| 020 | _a978-81-8322-257-0 | ||
| 041 | _aTAMIL | ||
| 082 | _A158.1 Q2 | ||
| 100 | _aDale Carnegie | ||
| 245 | 0 | _aHoe to Stop Worrying and start living | |
| 250 | _a1st | ||
| 260 |
_c2012 _bManjul Public |
||
| 500 | _aYES | ||
| 650 |
_aTamil Book _bGeneral |
||
| 942 | _cBK | ||
| 999 |
_c203360 _d203360 |
||